[Event "5th HD Bank Cup 2015"]
[Site "Ho Chi Minh City VIE"]
[Date "2015.03.19"]
[Round "4.40"]
[White "Frost, Peter"]
[Black "Kuich, Gero"]
[Result "1/2-1/2"]
[WhiteElo "1821"]
[BlackElo "1763"]
[WhiteFideId "3204634"]
[BlackFideId "1322079"]
[EventDate "2015.03.17"]

1. b3 d5 2. Bb2 e6 3. e3 Nf6 4. Nf3 g6 5. c4 c6 6. d3 Bg7 7. Qc2 O-O 8. Nbd2
Nbd7 9. Be2 b6 10. O-O Bb7 11. Rac1 Rc8 12. Qb1 c5 13. cxd5 Nxd5 14. Bxg7 Kxg7
15. Nc4 Qe7 16. Qb2+ f6 17. Rfe1 e5 18. Bf1 Nb4 19. Ncd2 Ba6 20. Nc4 Bxc4 21.
dxc4 Rfd8 22. a3 Nc6 23. Red1 Nf8 24. Nd2 Rd7 25. Nb1 Rcd8 26. Qc2 Ne6 27. Nc3
Nc7 28. Qb1 f5 29. Rxd7 Rxd7 30. Rd1 Qd8 31. Rxd7+ Qxd7 32. Qd3 Qxd3 33. Bxd3 e4
34. Bc2 Kf7 35. Kf1 Ke6 36. h4 Ne5 37. Ke2 h6 38. g3 Kd6 1/2-1/2

[Event "5th HD Bank Cup 2015"]
[Site "Ho Chi Minh City VIE"]
[Date "2015.03.19"]
[Round "5.1"]
[White "Nguyen, Duc Hoa"]
[Black "Le, Quang Liem"]
[Result "1/2-1/2"]
[WhiteTitle "GM"]
[BlackTitle "GM"]
[WhiteElo "2516"]
[BlackElo "2676"]
[WhiteFideId "12401358"]
[BlackFideId "12401137"]
[EventDate "2015.03.17"]

1. d4 d5 2. c4 c6 3. Nf3 Nf6 4. Nc3 e6 5. e3 Nbd7 6. Qc2 Bd6 7. Bd3 O-O 8. O-O
dxc4 9. Bxc4 b5 10. Bd3 Bb7 11. Ng5 h6 12. Nge4 Be7 13. Nxf6+ Nxf6 14. Ne4 Nxe4
15. Bxe4 Qb6 16. Bd2 b4 17. Rfc1 Rac8 18. Qa4 c5 19. dxc5 Rxc5 20. Bxb7 Qxb7 21.
Rxc5 Bxc5 22. Rc1 Rd8 23. Be1 Be7 24. h3 Bf6 25. Qxb4 Qxb4 1/2-1/2

[Event "5th HD Bank Cup 2015"]
[Site "Ho Chi Minh City VIE"]
[Date "2015.03.19"]
[Round "5.3"]
[White "Nguyen, Ngoc Truong Son"]
[Black "Laylo, Darwin"]
[Result "1-0"]
[WhiteTitle "GM"]
[BlackTitle "GM"]
[WhiteElo "2659"]
[BlackElo "2499"]
[WhiteFideId "12401110"]
[BlackFideId "5201330"]
[EventDate "2015.03.17"]

1. d4 Nf6 2. c4 g6 3. Nc3 d5 4. cxd5 Nxd5 5. e4 Nxc3 6. bxc3 Bg7 7. Nf3 c5 8. h3
O-O 9. Be2 Nc6 10. Be3 cxd4 11. cxd4 Qa5+ 12. Bd2 Qa3 13. d5 Ne5 14. Rb1 Nxf3+
15. Bxf3 b6 16. O-O Qd6 17. Bb4 Qe5 18. d6 Bf6 19. Rc1 Rb8 20. Rc7 Ba6 21. dxe7
Rfe8 22. Bd6 Qg5 23. Re1 Rb7 24. e5 Rxc7 25. exf6 Rc4 26. Be5 Rc5 27. Bd4 Rc7
28. h4 Qxh4 29. Qa4 b5 30. Qxa6 Qxd4 31. Rd1 Qe5 32. Qd6 Rcxe7 33. fxe7 Rxe7 34.
Qxe5 Rxe5 35. Rd8+ Kg7 36. Ra8 Re7 37. Bd5 Rd7 38. Bc6 Rd1+ 39. Kh2 Rd2 40. Rxa7 1-0

[Event "5th HD Bank Cup 2015"]
[Site "Ho Chi Minh City VIE"]
[Date "2015.03.19"]
[Round "5.4"]
[White "Zhang, Zhong"]
[Black "To, Nhat Minh"]
[Result "1-0"]
[WhiteTitle "GM"]
[BlackTitle "IM"]
[WhiteElo "2614"]
[BlackElo "2323"]
[WhiteFideId "8600694"]
[BlackFideId "729019"]
[EventDate "2015.03.17"]

1. e4 e5 2. Nf3 Nc6 3. d4 exd4 4. Nxd4 Bc5 5. Nxc6 Qf6 6. Qf3 bxc6 7. Nc3 Bd4 8.
Bd2 Qxf3 9. gxf3 d6 10. Be3 Bxe3 11. fxe3 Nf6 12. Rg1 O-O 13. O-O-O Re8 14. Bc4
Be6 15. Be2 g6 16. h4 Kg7 17. Rg5 Nd7 18. Rdg1 f6 19. R5g3 f5 20. h5 Nf8 21.
hxg6 hxg6 22. Bd3 Kf6 23. Ne2 c5 24. exf5 gxf5 25. Nf4 Bf7 26. Rg5 Re5 27. Nh5+
Bxh5 28. Rxh5 Rxe3 29. Rxf5+ Ke6 30. Be4 Rb8 31. Kd2 Rxe4 32. fxe4 Nd7 33. Rg6+
Ke7 34. Rg7+ Ke6 35. b3 Nf6 36. Rg6 Rf8 37. Ke3 Rf7 38. Kf4 Ke7 39. c4 Ke6 40.
Kg5 1-0

[Event "5th HD Bank Cup 2015"]
[Site "Ho Chi Minh City VIE"]
[Date "2015.03.19"]
[Round "5.5"]
[White "Bersamina, Paulo"]
[Black "Karthikeyan, P."]
[Result "1/2-1/2"]
[WhiteTitle "IM"]
[BlackTitle "IM"]
[WhiteElo "2359"]
[BlackElo "2452"]
[WhiteFideId "5206995"]
[BlackFideId "5018226"]
[EventDate "2015.03.17"]

1. e4 c5 2. Nf3 e6 3. d4 cxd4 4. Nxd4 Nc6 5. Nc3 Qc7 6. g3 a6 7. Bg2 b5 8. O-O
Bb7 9. Nxc6 Bxc6 10. Bf4 d6 11. Re1 Be7 12. a4 b4 13. Nd5 exd5 14. exd5 Bb7 15.
Qd4 Nf6 16. Qxb4 Rd8 17. c4 O-O 18. a5 Rfe8 19. Rac1 Bf8 20. Rxe8 Rxe8 21. Qa3
Qd7 22. b4 Qf5 23. b5 Ng4 24. Bh3 axb5 25. Qb3 Qh5 26. Bxg4 Qxg4 27. cxb5 g5 28.
Be3 Re5 29. Rc6 Qf3 30. a6 Bxc6 31. dxc6 Rd5 32. a7 Rd1+ 33. Qxd1 Qxd1+ 34. Kg2
Qd5+ 35. Kg1 Qd1+ 36. Kg2 Qd5+ 37. Kg1 Qa2 1/2-1/2

[Event "5th HD Bank Cup 2015"]
[Site "Ho Chi Minh City VIE"]
[Date "2015.03.19"]
[Round "5.6"]
[White "Nguyen, Van Huy"]
[Black "Turqueza, Mari Joseph"]
[Result "1/2-1/2"]
[WhiteTitle "IM"]
[BlackTitle "FM"]
[WhiteElo "2452"]
[BlackElo "2243"]
[WhiteFideId "12401064"]
[BlackFideId "5204674"]
[EventDate "2015.03.17"]

1. Nf3 Nf6 2. c4 e6 3. g3 d5 4. d4 Be7 5. Bg2 O-O 6. O-O dxc4 7. Qc2 a6 8. a4
Bd7 9. Rd1 Bc6 10. Nc3 Bxf3 11. Bxf3 Nc6 12. Bxc6 bxc6 13. a5 Rb8 14. Ra4 Rb4
15. Na2 Rxa4 16. Qxa4 h6 17. Nc3 Qa8 18. Qxc4 Rb8 19. Na4 Rb4 20. Qc2 Qb7 21.
Rd3 Rb5 22. Bd2 Nd5 23. e3 Nb4 24. Bxb4 Bxb4 25. Rd1 Rxa5 26. Rc1 Bd6 27. b3 Rb5
28. Rb1 h5 29. h4 g6 30. Qc3 Bb4 31. Qc2 a5 32. Rd1 Bd6 33. Rd3 Kh7 34. Nc5 Bxc5
35. dxc5 Qc8 36. Kg2 Qh8 37. Rd7 Qf6 38. Rxc7 e5 39. Rd7 Qe6 40. Rd6 Qxb3 1/2-1/2

[Event "5th HD Bank Cup 2015"]
[Site "Ho Chi Minh City VIE"]
[Date "2015.03.19"]
[Round "5.7"]
[White "Pitra, Andika"]
[Black "Karavade, Eesha"]
[Result "1/2-1/2"]
[WhiteTitle "FM"]
[BlackTitle "IM"]
[WhiteElo "2310"]
[BlackElo "2405"]
[WhiteFideId "7103255"]
[BlackFideId "5012600"]
[EventDate "2015.03.17"]

1. e4 c5 2. Nf3 d6 3. d4 cxd4 4. Nxd4 Nf6 5. Nc3 a6 6. Bc4 e6 7. O-O b5 8. Bb3
Be7 9. Qf3 Qb6 10. Be3 Qb7 11. Qg3 b4 12. Na4 Nbd7 13. f3 O-O 14. Rac1 Rb8 15.
c3 bxc3 16. Rxc3 Ne5 17. Rfc1 Bd7 18. Rc7 Qb4 19. Nc3 Rbc8 20. Rxc8 Rxc8 21. Rd1
Nc4 22. Bc1 Qb8 23. Kh1 Na5 24. Bc2 Nc4 25. b3 Ne3 26. Bxe3 Rxc3 27. Qe1 Qc7 28.
Bd3 e5 29. Ne2 Rc6 30. Bc4 Be6 31. Bxe6 fxe6 32. Rc1 d5 33. Bg5 Rxc1 34. Qxc1
Qxc1+ 35. Nxc1 Ba3 36. Nd3 dxe4 37. Nxe5 exf3 38. gxf3 Nd5 1/2-1/2

[Event "5th HD Bank Cup 2015"]
[Site "Ho Chi Minh City VIE"]
[Date "2015.03.19"]
[Round "5.8"]
[White "Pascua, Haridas"]
[Black "Rakhmanov, Aleksandr"]
[Result "1-0"]
[WhiteTitle "IM"]
[BlackTitle "GM"]
[WhiteElo "2423"]
[BlackElo "2639"]
[WhiteFideId "5203953"]
[BlackFideId "4173708"]
[EventDate "2015.03.17"]

1. d4 Nf6 2. c4 g6 3. Nc3 Bg7 4. e4 O-O 5. f4 c5 6. d5 d6 7. Nf3 e6 8. Be2 exd5
9. cxd5 Bg4 10. O-O Nbd7 11. h3 Bxf3 12. Bxf3 a6 13. a4 Re8 14. g4 Kh8 15. g5
Ng8 16. h4 Qa5 17. Kg2 Ne7 18. h5 f5 19. h6 Bd4 20. Ne2 Qb4 21. Bd2 Qb6 22. Nxd4
cxd4 23. a5 Qa7 24. Be1 fxe4 25. Bxe4 Nf5 26. Bxf5 gxf5 27. Bf2 Re4 28. Ra4 Qb8
29. Rxd4 Re7 30. Re1 Qf8 31. Rxe7 Qxe7 32. Qd3 Qf7 33. Rc4 Kg8 34. Rc7 Re8 35.
Qd4 Re7 36. Qg7+ Qxg7 37. hxg7 Kxg7 38. Rxb7 Kf7 39. b4 Nf8 40. Rxe7+ Kxe7 41.
b5 Kd7 42. bxa6 Kc8 43. Be1 Ng6 44. Kf3 Ne7 45. Bb4 Nxd5 46. Bxd6 Nc3 47. Ke3
Nb5 48. Be5 Na7 49. Kd4 1-0

[Event "5th HD Bank Cup 2015"]
[Site "Ho Chi Minh City VIE"]
[Date "2015.03.19"]
[Round "5.9"]
[White "Dimakiling, Oliver"]
[Black "Sadorra, Julio Catalino"]
[Result "1-0"]
[WhiteTitle "IM"]
[BlackTitle "GM"]
[WhiteElo "2400"]
[BlackElo "2548"]
[WhiteFideId "5202248"]
[BlackFideId "5201268"]
[EventDate "2015.03.17"]

1. Nf3 Nf6 2. c4 e6 3. Nc3 d5 4. d4 Bb4 5. Qb3 c5 6. Bg5 Nc6 7. dxc5 Qa5 8. Bxf6
dxc4 9. Qxc4 gxf6 10. a3 Qxc5 11. Qxc5 Bxc5 12. Rc1 Be7 13. g3 Bd7 14. Bg2 O-O-O
15. O-O Kb8 16. Rfd1 Ne5 17. Nd4 Rc8 18. Ndb5 Rhd8 19. Nd6 Bxd6 20. Rxd6 Nc4 21.
Rd4 e5 22. Rh4 Bf5 23. Be4 Bg6 24. Bxg6 hxg6 25. Ne4 f5 26. Ng5 Nxb2 27. Rxc8+
Rxc8 28. Nxf7 Nc4 29. a4 a5 30. g4 b5 31. gxf5 gxf5 32. axb5 a4 33. Nxe5 Nxe5
34. Rxa4 Rc5 35. f4 Nc4 36. h4 Kb7 37. h5 Ne3 38. Kf2 Ng4+ 39. Kg3 Nf6 40. Kh4
Ne4 41. h6 Rc1 42. Kh5 Rg1 43. Ra6 Ng3+ 44. Kg6 Nxe2+ 45. Kxf5 Rf1 46. Rf6 Nxf4
47. Ke4 1-0

[Event "5th HD Bank Cup 2015"]
[Site "Ho Chi Minh City VIE"]
[Date "2015.03.19"]
[Round "5.10"]
[White "Hoang, Canh Huan"]
[Black "Gomez, John Paul"]
[Result "1/2-1/2"]
[WhiteTitle "FM"]
[BlackTitle "GM"]
[WhiteElo "2348"]
[BlackElo "2524"]
[WhiteFideId "12400599"]
[BlackFideId "5201381"]
[EventDate "2015.03.17"]

1. Nf3 c5 2. e4 g6 3. d4 cxd4 4. Qxd4 Nf6 5. c4 Nc6 6. Qe3 Bg7 7. Nc3 d6 8. h3
O-O 9. Be2 a5 10. O-O Nd7 11. Qg5 a4 12. a3 Nc5 13. Qh4 Nb3 14. Rb1 Nxc1 15.
Rfxc1 e6 16. Qxd8 Rxd8 17. Bd1 Bh6 18. Rc2 Ne5 19. Nb5 Nd3 20. Re2 Nc5 21. Bc2
e5 22. Nc7 Ra5 23. Rd1 f6 24. Rd5 b6 25. Re1 Bb7 26. Rdd1 Kf7 27. Bb1 Ke7 28.
Nh2 Rd7 29. Nd5+ Bxd5 30. cxd5 Nb3 31. g3 Rc7 32. f4 Rb5 33. Bd3 Rbc5 34. Ng4
Bg7 35. Rf1 h5 36. Ne3 h4 37. fxe5 fxe5 38. Ng4 Nc1 39. gxh4 Nxd3 40. Rxd3 Rc1
41. b3 b5 42. bxa4 bxa4 1/2-1/2

[Event "5th HD Bank Cup 2015"]
[Site "Ho Chi Minh City VIE"]
[Date "2015.03.19"]
[Round "5.11"]
[White "Barbosa, Oliver"]
[Black "Nolte, Rolando"]
[Result "1/2-1/2"]
[WhiteTitle "GM"]
[BlackTitle "IM"]
[WhiteElo "2501"]
[BlackElo "2394"]
[WhiteFideId "5201640"]
[BlackFideId "5200636"]
[EventDate "2015.03.17"]

1. d4 Nf6 2. c4 e6 3. Nf3 b6 4. a3 Bb7 5. Nc3 d5 6. Bg5 Be7 7. Qa4+ Qd7 8. Qxd7+
Nbxd7 9. e3 dxc4 10. Bxc4 a6 11. O-O b5 12. Be2 c5 13. Rfd1 1/2-1/2

[Event "5th HD Bank Cup 2015"]
[Site "Ho Chi Minh City VIE"]
[Date "2015.03.19"]
[Round "5.12"]
[White "Duong, The Anh"]
[Black "Cao, Sang"]
[Result "1/2-1/2"]
[WhiteTitle "IM"]
[BlackTitle "GM"]
[WhiteElo "2340"]
[BlackElo "2480"]
[WhiteFideId "12401277"]
[BlackFideId "725056"]
[EventDate "2015.03.17"]

1. d4 e6 2. Nf3 Nf6 3. Bg5 Be7 4. e3 b6 5. Bd3 Bb7 6. O-O c5 7. c3 h6 8. Bh4 O-O
9. Nbd2 d6 10. Qe2 a6 11. Rfd1 Nbd7 12. Rac1 Re8 13. h3 Qc7 14. b4 Rec8 15. bxc5
bxc5 16. Bg3 a5 17. Qf1 a4 18. e4 c4 19. Bc2 Ba6 20. Bxa4 Qa5 21. Bc2 d5 22.
exd5 Nxd5 23. Nb1 Qxa2 24. Qe2 Qa5 25. Re1 Bb5 26. Ne5 Ra6 27. Qf3 N7f6 28. Bh4
Ba4 29. Bxa4 Qxa4 30. Nd2 Ra7 31. Bxf6 Bxf6 32. Ne4 Bg5 33. Nxg5 hxg5 34. Qg4
Qe8 35. Nf3 f6 36. Rxe6 Qd7 37. Re2 Qxg4 38. hxg4 Ra3 39. Rec2 Re8 40. Nd2 Ra4
41. g3 Re2 42. Kf1 Re7 43. Re1 Kf8 44. Rxe7 Kxe7 45. Ne4 Ra3 46. Ke2 Kd7 47. Kd2
Kc6 48. Rb2 g6 49. Rc2 Ra8 50. Rb2 Ra3 51. Rc2 1/2-1/2

[Event "5th HD Bank Cup 2015"]
[Site "Ho Chi Minh City VIE"]
[Date "2015.03.19"]
[Round "5.13"]
[White "Tin, Jingyao"]
[Black "Tran, Tuan Minh"]
[Result "1/2-1/2"]
[WhiteTitle "FM"]
[BlackTitle "IM"]
[WhiteElo "2326"]
[BlackElo "2455"]
[WhiteFideId "5804418"]
[BlackFideId "12401820"]
[EventDate "2015.03.17"]

1. Nf3 Nf6 2. c4 b6 3. g3 Bb7 4. Bg2 e6 5. O-O c5 6. Nc3 Be7 7. b3 O-O 8. Bb2 d5
9. cxd5 Nxd5 10. d4 Nd7 11. Rc1 Rc8 12. Qd2 Nxc3 13. Qxc3 cxd4 14. Qxd4 Bf6 15.
Qd2 Bxb2 16. Qxb2 Qe7 17. Nd4 Bxg2 18. Kxg2 Nf6 1/2-1/2

[Event "5th HD Bank Cup 2015"]
[Site "Ho Chi Minh City VIE"]
[Date "2015.03.19"]
[Round "5.14"]
[White "Vo, Thanh Ninh"]
[Black "Torre, Eugenio"]
[Result "0-1"]
[BlackTitle "GM"]
[WhiteElo "2311"]
[BlackElo "2449"]
[WhiteFideId "12402141"]
[BlackFideId "5200016"]
[EventDate "2015.03.17"]

1. c4 e5 2. g3 Bc5 3. Bg2 Nc6 4. Nc3 d6 5. e3 Bf5 6. d3 Qd7 7. a3 a6 8. h3 Nge7
9. Nge2 Ba7 10. b4 O-O 11. d4 exd4 12. exd4 Rae8 13. Be3 Nd8 14. Qd2 c6 15. g4
Bg6 16. O-O h5 17. Bf3 hxg4 18. hxg4 d5 19. cxd5 Nxd5 20. Nxd5 cxd5 21. Nc3 Be4
22. Nxe4 dxe4 23. Be2 Re6 24. Kg2 Rd6 25. Rh1 Bxd4 26. Bxd4 Ne6 27. Qe3 Rxd4 28.
Rad1 Rc8 29. Rhe1 Rxd1 30. Bxd1 Re8 31. Bc2 Nd4 32. Bxe4 Qxg4+ 33. Kf1 Rxe4 34.
Qxe4 Qh3+ 35. Qg2 Qd3+ 36. Kg1 Nf3+ 0-1

[Event "5th HD Bank Cup 2015"]
[Site "Ho Chi Minh City VIE"]
[Date "2015.03.19"]
[Round "5.15"]
[White "Nguyen, Dang Hong Phuc"]
[Black "Bitoon, Richard"]
[Result "1/2-1/2"]
[BlackTitle "GM"]
[WhiteElo "2047"]
[BlackElo "2422"]
[WhiteFideId "12402761"]
[BlackFideId "5201110"]
[EventDate "2015.03.17"]

1. d4 Nf6 2. Nf3 e6 3. c4 b6 4. a3 Bb7 5. Nc3 d5 6. cxd5 Nxd5 7. Qc2 Nf6 8. e4
Nbd7 9. Be2 c5 10. O-O cxd4 11. Nxd4 Bc5 12. Nb3 Be7 13. Be3 Rc8 14. f3 O-O 15.
Rfd1 Qc7 16. Kh1 Bd6 17. Bg1 Be5 18. Nd4 Nc5 19. Bf1 Qe7 20. Bf2 Qc7 21. Bg1 Kh8
22. Nde2 g5 23. Bd4 a6 24. Rac1 Rg8 25. b4 Ncd7 26. Qd2 Bxd4 27. Qxd4 Qe5 28.
Na4 Qxd4 29. Nxd4 g4 30. h3 gxf3 31. gxf3 Nh5 32. Ne2 Rxc1 33. Rxc1 Ne5 34. Bg2
b5 35. Nb6 Bc6 36. Rc5 f6 37. f4 Rb8 38. fxe5 Rxb6 39. Bf3 fxe5 40. Bxh5 Bxe4+
41. Kg1 Bd5 42. Nc3 Bc4 43. Rxe5 Kg7 44. Ne4 a5 45. Rg5+ Kh6 46. h4 e5 47. Nf2
Be6 48. Bg4 Bf7 49. Bf5 Bh5 50. Bg4 Bf7 51. Bd7 Bh5 52. Be8 Bf3 53. Rxe5 axb4
54. axb4 Rd6 55. Re3 Ba8 56. Rd3 Re6 57. Bxb5 Rb6 58. Be8 Rxb4 59. Rd6+ Kg7 60.
h5 Rh4 61. Nd3 Bf3 1/2-1/2

[Event "5th HD Bank Cup 2015"]
[Site "Ho Chi Minh City VIE"]
[Date "2015.03.19"]
[Round "5.16"]
[White "Tu, Hoang Thong"]
[Black "Yap, Kim Steven"]
[Result "0-1"]
[WhiteTitle "GM"]
[BlackTitle "IM"]
[WhiteElo "2414"]
[BlackElo "2389"]
[WhiteFideId "12400076"]
[BlackFideId "5202809"]
[EventDate "2015.03.17"]

1. e4 c5 2. b3 g6 3. Bb2 Nf6 4. e5 Nd5 5. Qf3 Nc7 6. h4 Bg7 7. h5 Nc6 8. hxg6
hxg6 9. Rxh8+ Bxh8 10. e6 Bf6 11. exf7+ Kxf7 12. Ne2 d5 13. Bxf6 exf6 14. Nbc3
Bf5 15. O-O-O d4 16. Na4 d3 17. Ng3 dxc2 18. Re1 Qd4 19. Qc3 Qxf2 20. Bc4+ Be6
21. Rf1 Qd4 22. Ne4 Bxc4 23. bxc4 Qxc3 24. dxc3 Kg7 25. Rxf6 Ne5 26. Naxc5 b6
27. Ne6+ Nxe6 28. Rxe6 Nxc4 29. Nd2 Na3 30. Nb3 Rf8 31. Kb2 Rf1 32. Kxa3 Rb1 33.
Nc1 Rxc1 34. Re2 Kf6 35. Kb2 Rf1 36. Kxc2 Kg5 37. Kd3 Rf5 38. a4 Kg4 39. Ra2 Ra5
40. Ke2 g5 41. c4 Kf4 42. Kd3 g4 43. Kd4 Kg3 44. Ke4 Kh2 45. Kf4 g3 46. Ra3 Rc5
47. Rc3 Rc7 48. Kf3 Rf7+ 49. Kg4 Rg7+ 50. Kf3 Rc7 51. Kg4 Rg7+ 52. Kf4 Kxg2 53.
c5 bxc5 54. Rxc5 Kh2 55. Ke4 0-1

[Event "5th HD Bank Cup 2015"]
[Site "Ho Chi Minh City VIE"]
[Date "2015.03.19"]
[Round "5.17"]
[White "Diu, Viacheslav"]
[Black "Nguyen, Sy Hung"]
[Result "1-0"]
[WhiteTitle "IM"]
[WhiteElo "2457"]
[BlackElo "2113"]
[WhiteFideId "4167465"]
[BlackFideId "12401374"]
[EventDate "2015.03.17"]

1. e4 g6 2. d4 Bg7 3. Nc3 d6 4. Be3 Nd7 5. Qd2 a6 6. Nf3 h6 7. a4 e6 8. a5 Ne7
9. Bd3 Nf6 10. h3 Bd7 11. O-O g5 12. Rfe1 Nh5 13. e5 Bc6 14. Qe2 Nf4 15. Bxf4
gxf4 16. Be4 Qd7 17. Bxc6 Qxc6 18. Qd2 dxe5 19. dxe5 Ng6 20. Rad1 O-O 21. h4 Qc5
22. Qe2 Rad8 23. Rxd8 Rxd8 24. h5 Ne7 25. Qe4 Nd5 26. Nxd5 Qxd5 27. Qxf4 Qxa5
28. g4 Qc5 29. g5 Qf8 30. Kh2 Kh8 31. Rg1 Rd5 32. Kh3 hxg5 33. Nxg5 Rxe5 34.
Nxf7+ Kh7 35. Ng5+ Kh8 36. Qxf8+ Bxf8 37. Nf7+ 1-0

[Event "5th HD Bank Cup 2015"]
[Site "Ho Chi Minh City VIE"]
[Date "2015.03.19"]
[Round "5.18"]
[White "Padmini, Rout"]
[Black "Htay Min Lwin"]
[Result "1-0"]
[WhiteTitle "WGM"]
[WhiteElo "2454"]
[BlackElo "2286"]
[WhiteFideId "5029295"]
[BlackFideId "13001795"]
[EventDate "2015.03.17"]

1. e4 e5 2. Nf3 Nc6 3. Bb5 a6 4. Ba4 Nf6 5. O-O Be7 6. Re1 b5 7. Bb3 d6 8. c3
Bg4 9. h3 Bxf3 10. Qxf3 O-O 11. d3 Na5 12. Bc2 c5 13. Nd2 Ne8 14. Nf1 Bg5 15.
Ne3 Nc6 16. g3 Ne7 17. a4 Bh6 18. Kg2 Nc7 19. Qg4 Qc8 20. f4 Kh8 21. Qxc8 Rfxc8
22. Ng4 Ng8 23. fxe5 Bxc1 24. Rexc1 h5 25. exd6 hxg4 26. dxc7 gxh3+ 27. Kxh3
bxa4 28. Rxa4 Rxc7 29. Rca1 Rb7 30. R1a2 a5 31. b3 Rba7 32. b4 cxb4 33. cxb4 Rc7
34. bxa5 Nf6 35. Bb3 Kg8 36. a6 Raa7 37. Rc4 Rd7 38. Rc8+ Kh7 39. Bc4 Re7 40.
Rb2 g5 41. Rcb8 g4+ 42. Kg2 Nd7 43. R8b7 Nc5 44. Rxa7 Rxa7 45. Rb5 Nd7 46. Rb2
Kg7 47. d4 Kf8 48. Kf2 Ke7 49. Ke3 Kd6 50. Kf4 1-0

[Event "5th HD Bank Cup 2015"]
[Site "Ho Chi Minh City VIE"]
[Date "2015.03.19"]
[Round "5.19"]
[White "Wynn Zaw Htun"]
[Black "Le, Kieu Thien Kim"]
[Result "0-1"]
[WhiteTitle "IM"]
[BlackTitle "WIM"]
[WhiteElo "2382"]
[BlackElo "2138"]
[WhiteFideId "13002783"]
[BlackFideId "12400572"]
[EventDate "2015.03.17"]

1. Nf3 d5 2. g3 c6 3. Bg2 Bf5 4. d3 e6 5. Nbd2 Nf6 6. O-O h6 7. Qe1 Be7 8. e4
dxe4 9. dxe4 Bh7 10. Qe2 O-O 11. b3 Nbd7 12. Bb2 Nc5 13. Ne5 Qc7 14. Rad1 Rfd8
15. f3 a5 16. a3 Ne8 17. Qe3 Na6 18. Nd3 a4 19. Kh1 Nb8 20. b4 Nd7 21. Nc4 b5
22. Nce5 Nxe5 23. Bxe5 Rxd3 24. cxd3 Qxe5 25. f4 Qc3 26. Qc1 Qxc1 27. Rxc1 Rd8
28. Rfd1 Nf6 29. Bf3 g5 30. Kg1 Rc8 31. Rc3 c5 32. Kf2 g4 33. Bg2 Rd8 34. bxc5
Bxe4 35. Bf1 Bc6 36. Be2 Rd5 37. Rdc1 Rd4 38. R3c2 h5 39. Ke3 Rd8 40. d4 Nd5+
41. Kf2 Bf6 42. Rd2 Ne7 43. Rb1 Bxd4+ 44. Kf1 Nf5 45. Bxb5 Rb8 46. Bd3 Ne3+ 47.
Ke2 Bf3+ 0-1

[Event "5th HD Bank Cup 2015"]
[Site "Ho Chi Minh City VIE"]
[Date "2015.03.19"]
[Round "5.20"]
[White "Grafil, Franz Robert"]
[Black "Liu, Xiangyi"]
[Result "0-1"]
[BlackTitle "FM"]
[WhiteElo "2123"]
[BlackElo "2380"]
[WhiteFideId "5205298"]
[BlackFideId "8605718"]
[EventDate "2015.03.17"]

1. d4 Nf6 2. c4 g6 3. g3 Bg7 4. Bg2 d5 5. cxd5 Nxd5 6. e4 Nb6 7. Ne2 O-O 8. O-O
c5 9. d5 e6 10. h3 Na6 11. Nbc3 exd5 12. exd5 Bf5 13. g4 Bd7 14. Bf4 Rc8 15. Rb1
g5 16. Bd2 f5 17. Ng3 fxg4 18. hxg4 Nc4 19. Nce4 Nxd2 20. Qxd2 Bxg4 21. Qxg5
Qxg5 22. Nxg5 Bd4 23. Be4 Rc7 24. Kg2 Rg7 25. Ne6 Bxe6 26. dxe6 Rf6 27. f4 Nc7
28. f5 Be5 29. Rf3 Nb5 30. Re1 Bd6 31. Kf2 Rh6 32. Bd5 Kf8 33. Kf1 Be7 34. Bxb7
Bf6 35. Be4 Nd4 36. Ra3 Rh2 37. Rc1 Bh4 38. Rxc5 Rxb2 39. Nh5 Rf2+ 0-1

[Event "5th HD Bank Cup 2015"]
[Site "Ho Chi Minh City VIE"]
[Date "2015.03.19"]
[Round "5.21"]
[White "Pham, Xuan Dat"]
[Black "Pham, Le Thao Nguyen"]
[Result "0-1"]
[BlackTitle "IM"]
[WhiteElo "2189"]
[BlackElo "2338"]
[WhiteFideId "12401307"]
[BlackFideId "12401226"]
[EventDate "2015.03.17"]

1. d4 d5 2. c4 c6 3. Nf3 Nf6 4. e3 Bg4 5. h3 Bh5 6. Nc3 e6 7. Qb3 Qc7 8. Be2
Nbd7 9. Bd2 Nb6 10. cxd5 exd5 11. Rc1 Qd8 12. g4 Bg6 13. Ne5 Nfd7 14. Nxd7 Qxd7
15. a4 Nc8 16. a5 Be7 17. Na4 O-O 18. h4 h6 19. Nc5 Bxc5 20. dxc5 Ne7 21. Qb4
Rae8 22. Bc3 f5 23. Rg1 f4 24. Qd4 Nc8 25. h5 Re4 26. Qd2 fxe3 27. fxe3 Bh7 28.
g5 hxg5 29. Rxg5 Rh4 30. Rg1 Rf7 31. a6 bxa6 32. h6 Rxh6 33. Qd4 Rg6 34. Kd2 Ne7
35. e4 Qh3 36. Rxg6 Bxg6 37. Rg1 Qh6+ 38. Kd1 Bxe4 39. Qe5 Nf5 40. Qe8+ Rf8 41.
Qe5 Kh7 42. Bd2 Qf6 43. Qh2+ Kg8 44. Bc3 d4 45. Bc4+ Bd5 46. Bxd5+ cxd5 47. Bd2
Ne3+ 48. Kc1 Qf5 49. Bb4 Rc8 50. Ba3 a5 51. Rh1 d3 52. b3 Nf1 53. Qh7+ Kf7 54.
Qh5+ Qxh5 55. Rxh5 Ke6 56. Rh1 Ng3 57. Rh3 Ne4 58. Rxd3 Nxc5 59. Re3+ Kd7 60.
Bxc5 Rxc5+ 61. Kd2 Rc7 62. Kd3 Kd6 63. Re1 Rb7 64. Kc3 g5 65. Ra1 g4 66. Rxa5
Ke5 67. Ra1 g3 68. Re1+ Kf4 0-1

[Event "5th HD Bank Cup 2015"]
[Site "Ho Chi Minh City VIE"]
[Date "2015.03.19"]
[Round "5.22"]
[White "Hoang, Thi Bao Tram"]
[Black "Tu, Hoang Thai"]
[Result "1/2-1/2"]
[WhiteTitle "WGM"]
[BlackTitle "IM"]
[WhiteElo "2303"]
[BlackElo "2249"]
[WhiteFideId "12401102"]
[BlackFideId "12400351"]
[EventDate "2015.03.17"]

1. d4 c5 2. c3 d5 3. Nf3 Nc6 4. g3 Bf5 5. Bg2 e6 6. O-O Nf6 7. Qb3 Qb6 8. dxc5
Bxc5 9. Qxb6 Bxb6 10. Bf4 h6 11. h3 g5 12. Be5 Nxe5 13. Nxe5 Ne4 14. e3 Nc5 15.
Nd2 f6 16. Nef3 1/2-1/2

[Event "5th HD Bank Cup 2015"]
[Site "Ho Chi Minh City VIE"]
[Date "2015.03.19"]
[Round "5.23"]
[White "Nay Oo Kyaw Tun"]
[Black "Harini, S."]
[Result "1/2-1/2"]
[WhiteTitle "IM"]
[WhiteElo "2292"]
[BlackElo "2125"]
[WhiteFideId "13000110"]
[BlackFideId "5024919"]
[EventDate "2015.03.17"]

1. e4 c5 2. c3 d5 3. exd5 Qxd5 4. d4 Nf6 5. Nf3 e6 6. Na3 Nc6 7. Be2 Be7 8. O-O
O-O 9. Nb5 Qd8 10. dxc5 Bxc5 11. Bf4 Nd5 12. Bg3 a6 13. Nc7 Nxc7 14. Qxd8 Rxd8
15. Bxc7 Rd7 16. Bg3 b5 17. b4 Be7 18. a4 bxa4 19. Rxa4 Bb7 20. Rfa1 Rad8 21. h3
Bf6 22. R1a3 Nb8 23. c4 g5 24. c5 h6 25. Ne5 Rd4 26. Nf3 R4d7 27. Bd6 Rc8 28.
Rb3 Bd5 29. Rb1 Be4 30. Rf1 Bc3 31. b5 Bxf3 32. gxf3 axb5 33. Bxb5 Rb7 34. Bd3
Nc6 35. Rb1 Rxb1+ 36. Bxb1 Be5 37. Be4 Bxd6 38. cxd6 Ne5 39. Ra5 f6 40. Kg2 Rd8
41. Ra6 Nc4 42. Bc2 Rxd6 43. Ra8+ Kg7 44. Ra7+ Kg8 45. Ra8+ Kf7 46. Ra7+ Kg8 47.
Ra8+ 1/2-1/2